| 000 | 00550nam a2200193 a 4500 | ||
|---|---|---|---|
| 005 | 20240316063827.0 | ||
| 008 | 010910s1987 mx r 000 0 spa d | ||
| 020 | _a9681317904 | ||
| 035 | _aUPN01000111192 | ||
| 049 | _aCG | ||
| 050 | 4 |
_aBF531 _bP5.8 |
|
| 100 | 1 |
_aPlutchik, Robert, _d1928-2006 |
|
| 245 | 1 | 4 |
_aLas emociones / _cRobert Plutchik ; tr. Xavier Ochoa Alvarez. |
| 260 |
_aMéxico : _bDiana, _cc1987. |
||
| 300 |
_a551 p. : _bil., cuadros, gráfs. |
||
| 650 | 4 |
_aEmociones _939 |
|
| 650 | 4 |
_aPsicología genética _94967 |
|
| 905 | _aLibro | ||
| 999 |
_c85101 _d85101 |
||